000 01263nam a2200241Ii 4500
003 JO-AjNU
005 20240626141219.0
008 230605s9999||||xx |||||||||||||| ||und||
040 _aJO-AjNU
_bara
_erda
_cJO-AjNU
041 _aara
050 1 4 _aJX4111 2019
100 1 _aالعاني، محمد غضى صياح
_eمعد
_965719
245 0 _aالأساس القانوني للجرف القاري وفق قواعد القانون الدولي المعاصر: دراسة تطبيقية في تحديد الجرف القاري(العراق نموذجا) = The legal Foundation for the Continental Shelf in Accordance With the Contemporary International Law Legal Rules Applied Study in Iraqi As Sample /
_cاعداد محمد غضى صياح العاني؛ اشراف طلال ياسين العيسى
264 3 1 _a 2019
300 _a122 ورقة
336 _atext
_btxt
_2rdacontent
337 _aunmediated
_bn
_2rdamedia
338 _avolume
_bnc
_2rdacarrier
500 _aرسالة جامعية ( اطروحة ماجستير) جامعة عجلون الوطنية: كلية الحقوق، 2019
650 4 _aالجرف القارى-قانون -العراق
_958915
700 1 _aالعيسى، طلال ياسين
_964930
_eمشرف
942 _2lcc
_cTHS
999 _c30053
_d30053